000 00599nab a2200229 a 4500
001 64849
003 137564
005 20201118110202.0
008 ||||||n9999 ||| || ||
041 _aspa
245 0 _aMenos estado y más gobierno
260 _aEcuador :
_bCentro Andino de Accion Popular,
_c1993.
300 _app.44-53
562 _e0
650 _aCRISIS POLÍTICA
650 _aGOBERNABILIDAD
650 _aPARTICIPACIÓN CIUDADANA
650 _aREFORMA DEL ESTADO
650 _aRELACIÓN ESTADO SOCIEDAD
773 _061484
_aEcuador debates - No.30
942 _cSART
999 _c64849
_d64849